Database management systems (Record no. 488)

000 -LEADER
fixed length control field 00537nam a22002177a 4500
001 - CONTROL NUMBER
control field 488
003 - CONTROL NUMBER IDENTIFIER
control field BD-DhUET
008 - FIXED-LENGTH DATA ELEMENTS--GENERAL INFORMATION
fixed length control field 140722b xxu||||| |||| 00| 0 eng d
020 ## - INTERNATIONAL STANDARD BOOK NUMBER
International Standard Book Number 0072465638
040 ## - CATALOGING SOURCE
Transcribing agency 0
Modifying agency BD-DhUET
082 ## - DEWEY DECIMAL CLASSIFICATION NUMBER
Classification number 005.74
Item number RAM/2003
100 ## - MAIN ENTRY--PERSONAL NAME
Personal name Ramakrishnan, Raghu
245 ## - TITLE STATEMENT
Title Database management systems
250 ## - EDITION STATEMENT
Edition statement 3rd ed.
260 ## - PUBLICATION, DISTRIBUTION, ETC. (IMPRINT)
Place of publication, distribution, etc. Boston
Name of publisher, distributor, etc. McGraw-Hill
Date of publication, distribution, etc. 2003
300 ## - PHYSICAL DESCRIPTION
Extent xxxii,1065p.
504 ## - BIBLIOGRAPHY, ETC. NOTE
Bibliography, etc Includes bibliographies
650 #0 - SUBJECT ADDED ENTRY--TOPICAL TERM
Topical term or geographic name as entry element Database management
700 ## - ADDED ENTRY--PERSONAL NAME
Personal name Gehrke, Jahannes
942 ## - ADDED ENTRY ELEMENTS (KOHA)
Koha item type General Book
Holdings
Koha normalized classification for sorting Koha date last seen Damaged status Copy number Price effective from Withdrawn status Date acquired Shelving location Koha item type Sublocation or collection (holding branch) Koha full call number Not for loan Lost status Location (home branch) Piece designation (barcode) Source of classification or shelving scheme
005_740000000000000_RAM_20032014-07-22 12014-07-22 2014-07-22Circulation sectionGeneral BookCentral Library, BUET005.74/RAM/2003  Central Library, BUET110619 
005_740000000000000_RAM_20032014-10-20 22014-10-20 2014-10-20Circulation sectionGeneral BookCentral Library, BUET005.74/RAM/2003  Central Library, BUET107132 
005_740000000000000_RAM_20032015-06-06 32015-06-06 2015-06-06Reading sectionReading ItemCentral Library, BUET005.74/RAM/2003  Central Library, BUET102553 
005_740000000000000_RAM_20032015-06-09 42015-06-09 2015-06-09Reading sectionReading ItemCentral Library, BUET005.74/RAM/2003  Central Library, BUET102171 
005_740000000000000_RAM_20032017-03-22 52017-03-22 2009-05-16Circulation sectionGeneral BookCentral Library, BUET005.74/RAM/2003  Central Library, BUET107131